000 00895cam a2200265 i 4500
999 _c12749
_d12749
003 OSt
005 20240711131451.0
008 240711b ||||| |||| 00| 0 eng d
020 _a9788192110622
037 _bLibrary of Congress -- New Delhi Overseas Office
042 _alcode
_apcc
043 _aa-ii---
050 0 0 _aN7301
_b.J37 2012
082 _a[704.9489723]
245 0 0 _aJannat :
_bparadise in Islamic art /
_cedited by Mumtaz Currim ; text editor, Rivka Israel.
300 _a144 pages :
_billustrations (chiefly color) ;
_c31 cm
500 _a"Bol. 63, no. 4, June 2012"--Title page verso.
504 _aIncludes bibliographical references and index.
650 0 _aIslamic art
_zIndia.
650 0 _aParadise in art.
700 1 _aCurrim, Mumtaz,
_eeditor of compilation.
700 1 _aIsrael, Rivka,
_eeditor.
710 2 _aMarg Foundation (Mumbai, India)
942 _2ddc